000 00334nam a2200133 i 4500
001 bg
100 1 _aJONES, Stanley W.
245 0 _aEngineering Design Problems (and Their Solutions) /
_cStanley W. Jones.
260 _aLondon,
_c1969.
040 _cBPK
041 _apol
942 _cKS
008 s pl f |000 0 pol
999 _c15539
_d15539
856 _uhttp://koha.tu.koszalin.pl/cgi-bin/koha/opac-detail.pl?biblionumber=15539
_yKatalog online BPK